Rubbermarangalil kanduvarunna puthiya rogam (Record no. 50247)

MARC details
000 -LEADER
fixed length control field 00327nam a2200133Ia 4500
100 ## - MAIN ENTRY--AUTHOR NAME
Personal name Jacob J
245 #0 - TITLE STATEMENT
Title Rubbermarangalil kanduvarunna puthiya rogam
260 ## - PUBLICATION, DISTRIBUTION, ETC. (IMPRINT)
Name of publisher Rubber
Year of publication 2021
300 ## - PHYSICAL DESCRIPTION
Number of Pages 17-19
650 ## - SUBJECT ADDED ENTRY--TOPICAL TERM
Topical Term Leaf spot disease
650 ## - SUBJECT ADDED ENTRY--TOPICAL TERM
Topical Term Rubber disease
942 ## - ADDED ENTRY ELEMENTS (KOHA)
Koha item type Bibliography STAF
Holdings
Withdrawn status Lost status Damaged status Not for loan Home library Current library Shelving location Date acquired Serial Enumeration / chronology Koha item type
      Bibliography RRII Library RRII Library Pathology 09/04/2014 Volume 659, Issue April Bibliography STAF